000 00829nam a2200253Ia 4500
003 OSt
005 20220918171141.0
006 a|||||r|||| 00| 0
007 ta
008 220917b |||||||| |||| 00| 0 eng d
020 _a9781403977526 (hbk)
_c3240
024 _a255,490
037 _b33447, 09/11/2011, Segment Book Distributors
_cTextual
040 _aARTS
_cARTS
_beng
041 _2eng
_aeng
082 _aO111,3:g(S:55), P7
100 _aZurcher Amelia A
_934520
245 0 _aSeventeenth century english romance
_b Allegory, ethics and politics
260 _aNew York
_bPalgrave Macmillan
_c2007
300 _a226p.
_ccm.
650 _aENGLISH LITERATURE
942 _hO111,3:g(S:55), P7
_cTEXL
_2CC
999 _c138125
_d138125